| 000 | 00523nam a2200193Ia 4500 | ||
|---|---|---|---|
| 005 | 20250923150105.0 | ||
| 008 | 008 250917s9999 xx 000 0 eng d | ||
| 037 | _aTextual | ||
| 040 |
_aDSWL _beng _cDSWL |
||
| 041 |
_aeng _2eng |
||
| 084 |
_aY:45n2,N53, P01 _qDSWL |
||
| 245 | 0 |
_aCrime in India : 1999 _c by N.C.R.B |
|
| 260 |
_aDelhi _bManager of Publication _c2001 |
||
| 300 | _a432p. | ||
| 365 |
_aINR _b675 |
||
| 925 | _g675 | ||
| 942 |
_cTEXL _hY:45n2,N53, P01 |
||
| 999 |
_c1459442 _d1459442 |
||